00482 2200169 4500001002100000005001500021035002000036245007200056100003000128300003400158260003600192082001100228084001700239020001800256600002100274990001700295INLIS00000000000030420241009074407 a0010-10240000441 aMeneladani Keunggulan Bisnis Rasulullah /cAsyraf Muhammad Dawwabah0 aDawwabah, Asyraf Muhammad a166 hlm :bilus ;c14 X 21 cm aSemarang :bPustaka Nuun,c2004 a297.63 a297.63 DAW m a979-99930-8-3 4aBisnis Rasululah a0929/PP/2023